| 000 | 00817nab a22002057a 4500 | ||
|---|---|---|---|
| 999 |
_c6374 _d6374 |
||
| 003 | OSt | ||
| 005 | 20260131213525.0 | ||
| 008 | 190605e xxu||||| |||| 00| 0 spa d | ||
| 040 | _cPJ | ||
| 100 |
_94112 _aEtala, Juan José (h.) |
||
| 245 | 1 | 0 |
_aReflexiones sobre el proyecto de reforma laboral -/ _cJuan José Etala (h.). |
| 260 |
_aCiudad Autónoma de Buenos Aires : _bThomson Reuters La Ley, _c2025. |
||
| 300 | _ap. 5-8 | ||
| 500 | _aCita: TR LALEY AR/DOC/81/2026. | ||
| 505 | _t¿Te interesa el texto completo? Solicitalo al correo: koha@justierradelfuego.gov.ar | ||
| 650 | 0 |
_91316 _aDERECHO LABORAL |
|
| 650 | 0 |
_94193 _aPROYECTO DE LEY |
|
| 773 | 0 |
_02711 _93168 _dCiudad Autónoma de Buenos Aires : Thomson Reuters La Ley, 1999-2002. _tRevista de derecho del trabajo. Nº 1 - Enero 2026 |
|
| 942 |
_2udc _cANA |
||